UFC: Top 20 Pay Per Views of All-Time - Statistics

General Stats
  • This quiz has been taken 2,201 times
    2,167 since last reset
  • The average score is 27 of 40
Answer Stats
Year Event Buys Answer % Correct
Conor McGregor
100%
Conor McGregor
100%
Conor McGregor
100%
Conor McGregor
100%
2020 UFC 246 1.35m Conor McGregor
100%
2016 UFC 196 1.32m Conor McGregor
100%
Conor McGregor
100%
Conor McGregor
100%
2018 UFC 229 2.40m Khabib Nurmagomedov
99%
2021 UFC 264 1.80m Dustin Poirier
90%
2021 UFC 257 1.60m Dustin Poirier
90%
2015 UFC 194 1.20m José Aldo
90%
2016 UFC 202 1.65m Nate Diaz
88%
Nate Diaz
88%
Nick Diaz
80%
2016 UFC 205 1.30m Eddie Alvarez
79%
Donald Cerrone
75%
2009 UFC 100 1.60m Brock Lesnar
72%
2010 UFC 116 1.16m Brock Lesnar
72%
2010 UFC 121 1.05m Brock Lesnar
72%
2008 UFC 91 1.01m Brock Lesnar
72%
Anderson Silva
69%
2013 UFC 158 0.95m Georges St-Pierre
64%
2020 UFC 251 1.30m Kamaru Usman
57%
Jorge Masvidal
53%
Frank Mir
51%
2017 UFC 207 1.10m Amanda Nunes
47%
Amanda Nunes
47%
2015 UFC 193 1.10m Ronda Rousey
45%
Ronda Rousey
45%
Holly Holm
40%
Cain Velasquez
39%
2013 UFC 168 1.03m Chris Weidman
39%
Randy Couture
37%
2016 UFC 200 1.00m Miesha Tate
31%
2010 UFC 114 1.05m Quinton Jackson
29%
Shane Carwin
26%
2008 UFC 92 1.05m Forrest Griffin
23%
Rashad Evans
22%
Rashad Evans
22%
No matching quizzes found
Score Distribution
Percent of People with Each Score
Percentile by Number Answered
Your Score History
You have not taken this quiz since the last reset